000 00720nam a2200241 i 4500
001 bg
100 1 _aGiorgi, Rosa.
245 0 _aEl Greco /
_c[tekst Rosa Giorgi ; tł. Hanna Borkowska].
260 _aWarszawa :
_bRzeczpospolita ;
_bHPS,
_c2006.
300 _a143 s. :
_bil. ;
_c26 cm.
490 1 _aKlasycy Sztuki ;
_v18
600 0 9 _aEl Greco
_d(ca 1541-1614)
_xtwórczość
650 0 _aMalarstwo hiszpańskie
_xhistoria
_y16-17 w.
700 1 9 _aBorkowska, Hanna
_eTł.
830 _aKlasycy Sztuki ;
020 _a9788360529171
040 _cBPK
041 1 _apol
_hita
080 _a75.071(460)"16/17"(084.11)A/Z
920 _a978-83-60529-17-1
942 _cKS
008 s pl f |000 0 pol
999 _c53737
_d53737
856 _uhttp://koha.tu.koszalin.pl/cgi-bin/koha/opac-detail.pl?biblionumber=53737
_yKatalog online BPK